Countries' Names - Common Strings - Statistics

General Stats
  • This quiz has been taken 38 times
    6 since last reset
  • The average score is 51 of 81
Answer Stats
% Correct
Afghanistan Countries ending in "stan"
100%
{Bosnia} and Herzegovina Countries ending in "nia"
100%
Dominica Countries starting with "dominic"
100%
Dominican Republic Countries starting with "dominic"
100%
Equatorial Guinea Countries containing "guinea"
100%
Finland Countries ending in "land"
100%
Guinea Countries containing "guinea"
100%
Guinea-Bissau Countries containing "guinea"
100%
India Countries starting with "ind"
100%
Indonesia Countries starting with "ind"
100%
Indonesia Countries ending in "sia"
100%
Kyrgyzstan Countries ending in "stan"
100%
{Marshall} Islands Countries ending in "al/l"
100%
Mauritania Countries starting with "mauri"
100%
Mauritania Countries ending in "nia"
100%
Mauritius Countries starting with "mauri"
100%
{Netherland}s Countries ending in "land"
100%
Niger Countries starting in "niger"
100%
Nigeria Countries starting in "niger"
100%
Nigeria Countries ending in "ria/rea"
100%
Papua New Guinea Countries containing "guinea"
100%
Slovakia Countries starting with "slov"
100%
Slovenia Countries starting with "slov"
100%
Slovenia Countries ending in "nia"
100%
Tajikistan Countries ending in "stan"
100%
Turkey Countries starting in "turk"
100%
Turkmenistan Countries starting in "turk"
100%
Turkmenistan Countries ending in "stan"
100%
Uzbekistan Countries ending in "stan"
100%
Albania Countries ending in "nia"
80%
Canada Countries ending in "nada"
80%
Kazakhstan Countries ending in "stan"
80%
Malta Countries starting with "mal"
80%
Pakistan Countries ending in "stan"
80%
Paraguay Countries ending in "guay"
80%
Poland Countries ending in "land"
80%
Saudi Arabia Countries containing "arab"
80%
Saudi Arabia Countries ending in "bia"
80%
Serbia Countries ending in "bia"
80%
Uruguay Countries ending in "guay"
80%
Colombia Countries ending in "bia"
60%
Grenada Countries ending in "nada"
60%
Iceland Countries ending in "land"
60%
Malaysia Countries starting with "mal"
60%
Malaysia Countries ending in "sia"
60%
Maldives Countries starting with "mal"
60%
Mali Countries starting with "mal"
60%
Rwanda Countries ending in "anda"
60%
Uganda Countries ending in "anda"
60%
United Arab Emirates Countries containing "arab"
60%
Algeria Countries ending in "ria/rea"
40%
Armenia Countries ending in "nia"
40%
Estonia Countries ending in "nia"
40%
Gambia Countries ending in "bia"
40%
Ireland Countries ending in "land"
40%
Lithuania Countries ending in "nia"
40%
Malawi Countries starting with "mal"
40%
New Zealand Countries ending in "land"
40%
Senegal Countries ending in "al/l"
40%
Switzerland Countries ending in "land"
40%
Syria Countries ending in "ria/rea"
40%
Eritrea Countries ending in "ria/rea"
20%
Liberia Countries ending in "ria/rea"
20%
Namibia Countries ending in "bia"
20%
Nepal Countries ending in "al/l"
20%
North Korea Countries ending in "ria/rea"
20%
North Macedonia Countries ending in "nia"
20%
Portugal Countries ending in "al/l"
20%
Romania Countries ending in "nia"
20%
South Korea Countries ending in "ria/rea"
20%
Tanzania Countries ending in "nia"
20%
Thailand Countries ending in "land"
20%
Tunisia Countries ending in "sia"
20%
Zambia Countries ending in "bia"
20%
Austria Countries ending in "ria/rea"
0%
Bulgaria Countries ending in "ria/rea"
0%
England Countries ending in "land"
0%
Micronesia Countries ending in "sia"
0%
Northern Ireland Countries ending in "land"
0%
Russia Countries ending in "sia"
0%
Scotland Countries ending in "land"
0%
No matching quizzes found
Score Distribution
Percent of People with Each Score
Percentile by Number Answered
Your Score History
You have not taken this quiz since the last reset